Health psychology : theory, research and practice (Record no. 86402)

MARC details
000 -LEADER
fixed length control field 00867 a2200265 4500
003 - CONTROL NUMBER IDENTIFIER
control field CBULib
005 - DATE AND TIME OF LATEST TRANSACTION
control field 20260210071322.0
008 - FIXED-LENGTH DATA ELEMENTS--GENERAL INFORMATION
fixed length control field 260130b |||||||| |||| 00| 0 eng d
020 ## - INTERNATIONAL STANDARD BOOK NUMBER
International Standard Book Number 9781529723076
040 ## - CATALOGING SOURCE
Language of cataloging English
Transcribing agency CBULib
Description conventions rda
050 ## - LIBRARY OF CONGRESS CALL NUMBER
Classification number R 726.7 Mar
100 ## - MAIN ENTRY--PERSONAL NAME
9 (RLIN) 5304
Personal name Marks, David F.
245 ## - TITLE STATEMENT
Title Health psychology : theory, research and practice
Statement of responsibility, etc / by Davids F. Marks; Micheal Murray; and Emee Vida Estacio
250 ## - EDITION STATEMENT
Edition statement Sixth
260 ## - PUBLICATION, DISTRIBUTION, ETC. (IMPRINT)
Place of publication, distribution, etc Los Angeles :
Name of publisher, distributor, etc SAGE Publications,
Date of publication, distribution, etc 2021
300 ## - PHYSICAL DESCRIPTION
Extent xv, 678 pages : illustrations (some color)
336 ## - CONTENT TYPE
Source rdacontent
Content type term Text |
Content type code txt
337 ## - MEDIA TYPE
Source rdamedia
Media type term Unmediated |
Media type code n
338 ## - CARRIER TYPE
Source rdacarrier
Carrier type term Volume
Carrier type code nc
650 #0 - SUBJECT ADDED ENTRY--TOPICAL TERM
9 (RLIN) 5286
Topical term or geographic name as entry element CLINICAL HEALTH PSYCHOLOGY
650 #0 - SUBJECT ADDED ENTRY--TOPICAL TERM
9 (RLIN) 4893
Topical term or geographic name as entry element HEALTH BEHAVIOUR
700 ## - ADDED ENTRY--PERSONAL NAME
9 (RLIN) 5292
Personal name Murray, Micheal
700 ## - ADDED ENTRY--PERSONAL NAME
9 (RLIN) 4895
Personal name Estacio, Emee Vida
942 ## - ADDED ENTRY ELEMENTS (KOHA)
Source of classification or shelving scheme
Koha item type MONOGRAPH
Holdings
Withdrawn status Lost status Source of classification or shelving scheme Damaged status Not for loan Collection code Permanent Location Current Location Shelving location Date acquired Source of acquisition Cost, normal purchase price Total Checkouts Full call number Barcode Date last seen Copy number Price effective from Koha item type
          CBU-Lusaka Campus CBU- LUSAKA CAMPUS CBU- LUSAKA CAMPUS General Stacks 01/08/2026 BOOK AID INTERNATIONAL 120.00   R 726.7 Mar 753903 01/08/2026 3 11/19/2025 MONOGRAPH
          CBU-Lusaka Campus CBU- LUSAKA CAMPUS CBU- LUSAKA CAMPUS General Stacks 01/08/2026 BOOK AID INTERNATIONAL 120.00   R 726.7 Mar 753904 01/08/2026 4 11/19/2025 MONOGRAPH
          Main Library Open Access Collection CBU-MAIN LIBRARY, KITWE. CBU-MAIN LIBRARY, KITWE. General Stacks 10/03/2025 DON-BOOKAID 120.00   R 726.7 Mar 753665 10/03/2025 1 10/03/2025 MONOGRAPH
          Main Library Open Access Collection CBU-MAIN LIBRARY, KITWE. CBU-MAIN LIBRARY, KITWE. General Stacks 10/03/2025 DON-BOOKAID 120.00   R 726.7 Mar 753666 10/03/2025 2 10/03/2025 MONOGRAPH
          Medical Library Collection CBU-SCHOOL OF MEDICINE LIBRARY, NDOLA. CBU-SCHOOL OF MEDICINE LIBRARY, NDOLA. General Stacks 01/30/2026 Book aid International 45.90   R 726.7 Mar 934226 01/30/2026 6 01/28/2026 MONOGRAPH
          Medical Library Collection CBU-SCHOOL OF MEDICINE LIBRARY, NDOLA. CBU-SCHOOL OF MEDICINE LIBRARY, NDOLA. General Stacks 01/30/2026 Book aid International 45.90   R 726.7 Mar 934225 01/30/2026 5 01/28/2026 MONOGRAPH